00421nam a2200157Ia 4500003000400000005001700004008004100021020001800062040000900080082001700089100003300106245004800139260003500187300000900222650003200231OSt20201028133620.0190216s9999||||xx |||||||||||||| ||und|| a9780140430356 coclc a823.8bTHA/V aThackeray, William Makepeace 0aVanity Fair /cWilliam Makepeace Thackeray  bPenguin Books,c1968.aLondon: a814p aEnglish Novel-English Novel